000
00248 a2200073 4500
245
0
_a
Lexikon der Mikroelektronik :
_b
Mikroelektronik und Mikrocomputer-Technik /
_c
.
710
2
_a
IWT Verlag.
_e
Wydawca
_4
pbl
260
_a
Muenchen :
_b
IWT Verlag,
_c
1978.
300
_a
789 s.;
_c
24 cm.
999
_c
9648
_d
9648